Detekcia prekážok autonómneho vozidla

Gespeichert in:
Bibliographische Detailangaben
1. Verfasser: Friedl, Richard (Verfasst von)
Weitere Verfasser: Kocúr, Michal (Betreuung Doktorarbeit)
Format: Manuskript Buch
Sprache:Slowakisch
Veröffentlicht: Bratislava : STU v Bratislave FEI, 2022
Schlagworte:
Online-Zugang:https://opac.crzp.sk/?fn=detailBiblioForm&sid=A770A18E340C6018B387E7BDD5C2&seo=CRZP-detail-kniha
Tags: Tag hinzufügen
Keine Tags, Fügen Sie das erste Tag hinzu!

MARC

LEADER 00000ntm a22000003a 4500
001 stuzp85910
003 SK-STU
005 20221205114658.3
007 ta
008 150427s2015----xo-----f-mn---000-0-slo-d
040 |a STU  |b slo 
041 0 |a slo 
044 |a xo 
100 1 |a Friedl, Richard  |u 030400  |4 aut  |U FEI Fakulta elektrotechniky a informatiky  |T FEI Ústav automobilovej mechatroniky  |X 80307  |U E400  |Y 642  |7 80307 
242 0 1 |a Obstacle Detection for Autonomous Vehicle  |y eng 
245 1 0 |a Detekcia prekážok autonómneho vozidla 
260 |a Bratislava :  |b STU v Bratislave FEI,  |c 2022 
300 |a 71 s., príl. 
650 4 |a Python  |2 slo 
650 4 |a AI  |2 slo 
650 4 |a Object detection  |2 slo 
650 4 |a Darknet  |2 slo 
650 4 |a Python  |2 eng 
650 4 |a AI  |2 eng 
650 4 |a Darknet  |2 eng 
650 4 |a Object detection  |2 eng 
700 1 |a Kocúr, Michal  |u 030400  |k Z1  |4 ths  |U FEI Fakulta elektrotechniky a informatiky  |T FEI Ústav automobilovej mechatroniky  |X 55800  |U E400  |Y 642  |7 A000055800 
856 4 |u https://opac.crzp.sk/?fn=detailBiblioForm&sid=A770A18E340C6018B387E7BDD5C2&seo=CRZP-detail-kniha